| 000 | 00297 a2200121 4500 | ||
|---|---|---|---|
| 001 | 64380 | ||
| 082 | _a519.402853369 MAT | ||
| 090 |
_c38012 _d38012 |
||
| 100 | _aMath Works, Inc | ||
| 245 |
_aMATLAB 5 new features _hEnglish |
||
| 260 |
_aUSA _bThe Math Works Inc _c1996 |
||
| 300 | _a80p. | ||
| 942 |
_aNUST-CAE _k519.402853369 MAT |
||
| 999 |
_c299453 _d299453 |
||